Construction begins 2002 on back foot (Record no. 69209)
[ view plain ]
| 000 -LEADER | |
|---|---|
| fixed length control field | 00958cam a2200181 4500 |
| 001 - CONTROL NUMBER | |
| control field | WB3801-08 |
| 008 - FIXED-LENGTH DATA ELEMENTS--GENERAL INFORMATION | |
| fixed length control field | 020108n2002 000 0 eng u |
| 035 ## - SYSTEM CONTROL NUMBER | |
| System control number | (Sirsi) u116182 |
| 245 ## - TITLE STATEMENT | |
| Title | Construction begins 2002 on back foot |
| 260 ## - PUBLICATION, DISTRIBUTION, ETC. | |
| Date of publication, distribution, etc. | 2002 |
| 490 ## - SERIES STATEMENT | |
| Series statement | RICS Press Release |
| Volume/sequential designation | (pr001) 3 December 2001, (2) |
| 520 ## - SUMMARY, ETC. | |
| Summary, etc. | RICS Construction Survey 4Q 2001 confirms that construction activity and profit expectations have cooled across the sector. Chartered surveyors reported the first decline in construction workloads since the beginning of 1996. Workload, employment and profit expectations have all deteriorated. However, the latest survey from the Chartered Institute of Purchasing and Supply indicates UK construction industry activity increased in December 2001 at a faster pace than in November. |
| 590 ## - LOCAL NOTE (RLIN) | |
| Local note | WB |
| 650 ## - SUBJECT ADDED ENTRY--TOPICAL TERM | |
| Topical term or geographic name entry element | RICS SURVEY |
| 650 ## - SUBJECT ADDED ENTRY--TOPICAL TERM | |
| Topical term or geographic name entry element | CONSTRUCTION MARKET |
| 690 ## - LOCAL SUBJECT ADDED ENTRY--TOPICAL TERM (OCLC, RLIN) | |
| Topical term or geographic name as entry element | BUILT ENVIRONMENT-CONSTRUCTION MARKET |
| 942 ## - ADDED ENTRY ELEMENTS (KOHA) | |
| Suppress in OPAC | 0 |
| Withdrawn status | Lost status | Source of classification or shelving scheme | Damaged status | Not for loan | Home library | Current library | Shelving location | Date acquired | Total Checkouts | Full call number | Barcode | Date last seen | Copy number | Price effective from | Koha item type |
|---|---|---|---|---|---|---|---|---|---|---|---|---|---|---|---|
| Dewey Decimal Classification | London | London | News article | 08/01/2002 | WB3801-08 | 116182-1001 | 06/08/2019 | 1 | 06/08/2019 | News article |